000 00415nam a2200145Ia 4500
008 230917s9999||||xx |||||||||||||| ||und||
040 _e166108
_aMAIN
041 _aEnglish
082 _a891.43301731 SM26J
100 _aमोहनीश स्नेह
245 0 _aजवा कुसुम
260 _aदिल्ली
_bग्रंथ अकादमी
_c1996
300 _a225पृ. p.
942 _cHN
999 _c90791
_d90791